|
|
|
|
| LEADER |
01801nam a2200505 i 4500 |
| 001 |
nkc20172903452 |
| 003 |
CZ PrNK |
| 005 |
20170815084400.0 |
| 007 |
ta |
| 008 |
170615s2017 xr a f f 001 0 eng |
| 015 |
|
|
|a cnb002903452
|
| 020 |
|
|
|a 978-80-7560-068-4
|q (brožováno)
|
| 035 |
|
|
|a (OCoLC)1003285304
|
| 040 |
|
|
|a BOA001
|b cze
|e rda
|
| 072 |
|
7 |
|a 519.1/.8
|x Kombinatorika. Teorie grafů. Matematická statistika. Operační výzkum. Matematické modelování
|2 Konspekt
|9 13
|
| 080 |
|
|
|a 001.891.5
|2 MRF
|
| 080 |
|
|
|a 004.94
|2 MRF
|
| 080 |
|
|
|a 519.86/.87
|2 MRF
|
| 080 |
|
|
|a 519.23/.24
|2 MRF
|
| 080 |
|
|
|a (035)
|2 MRF
|
| 100 |
1 |
|
|a Menčík, Jaroslav
|7 ola2005284362
|4 aut
|
| 245 |
1 |
0 |
|a Introduction to experimental analysis /
|c Jaroslav Menčík
|
| 250 |
|
|
|a Edition: first
|
| 264 |
|
1 |
|a [Pardubice] :
|b University of Pardubice,
|c 2017
|
| 300 |
|
|
|a 140 stran :
|b ilustrace ;
|c 24 cm
|
| 336 |
|
|
|a text
|b txt
|2 rdacontent
|
| 337 |
|
|
|a bez média
|b n
|2 rdamedia
|
| 338 |
|
|
|a svazek
|b nc
|2 rdacarrier
|
| 500 |
|
|
|a 20 výtisků
|
| 504 |
|
|
|a Obsahuje bibliografie a rejstřík
|
| 650 |
0 |
7 |
|a vědecké pokusy
|7 ph137840
|x analýza
|2 czenas
|
| 650 |
0 |
7 |
|a modelování a simulace
|7 ph125543
|2 czenas
|
| 650 |
0 |
7 |
|a statistické metody
|7 ph135431
|2 czenas
|
| 650 |
0 |
9 |
|a scientific experiments
|x analysis
|2 eczenas
|
| 650 |
0 |
9 |
|a modeling and simulation
|2 eczenas
|
| 650 |
0 |
9 |
|a statistical methods
|2 eczenas
|
| 655 |
|
7 |
|a příručky
|7 fd133209
|2 czenas
|
| 655 |
|
9 |
|a handbooks and manuals
|2 eczenas
|
| 710 |
2 |
|
|a Univerzita Pardubice
|7 kn20010709131
|4 isb
|
| 910 |
2 |
|
|a BOA001
|b 2-1392.196
|
| 928 |
9 |
|
|a Univerzita Pardubice
|
| 990 |
|
|
|a BK
|
| 995 |
|
|
|a 01
|
| 991 |
|
|
|b 201708
|c NOV
|
| 996 |
6 |
|
|b 2610713678
|c 2-1392.196
|l MZK
|r Sklad / do 1 hodiny
|n 0
|p p.v.
|w 001620353
|u 000010
|a 1
|e BOA001
|j MZK50
|s P
|